00281nam a2200121Ia 4500008004100000100001900041245002400060250001200084260003100096300000800127942000700135999001700142190216s9999||||xx |||||||||||||| ||und|| aSuseela Guptha 0aBhool Chal Ki Hindi a1st Ed. bLokabarathi Prakasanc2009 a104 cBK c16932d16932